000 00698nam a2200205 a 4500
001 000011532
005 20240530073912.0
008 091020s1983 dr 000 f spa d
040 _aDO-SdBNP
_bspa
_cBNPHU
082 _aRD863.44
_bM385r
100 1 _aMartínez Pérez, Ricardo
_927284
245 1 3 _aLa revolución de los Dealba /
_cRicardo Martínez Pérez.
260 _aSanto Domingo :
_bTaller,
_c1983.
300 _a280 p. ;
_c23 cm.
500 _aUna hazana del valor y la resistencia de los centroamericanos y los caribeños.
590 _aInventariado, 2020 /LP
650 0 _aNovela dominicana
_9223
650 0 _aLiteratura dominicana.
_967
910 _aValidado. Control de calidad MFF
999 _c11227
_d11227